Kadlec šibal najlepšie VII. ročník Jarnej ceny Slávie SVŠT v modernom päťboji

Bibliographic Details
Main Author: (zi) (Author)
Format: Article
Language:Slovak
Subjects:

MARC

LEADER 00000nab a2200000 a 4500
001 vtls000147126
003 SK-MaSNL
005 20260303025458.0
008 160201c1983 xo 0 slo
015 |a SNBRB19rr/mm-uuuuu 
035 |a CL0157233 
040 |a SNKBUCL  |b slo  |c SNKBUCL  |e AACR2 
041 0 |a slo 
044 |a xo  |c SK 
080 |a 796/799  |2 1981 
100 1 |a (zi)  |4 aut  |9 853512 
245 1 0 |a Kadlec šibal najlepšie  |b VII. ročník Jarnej ceny Slávie SVŠT v modernom päťboji  |c (zi) 
650 0 7 |a moderný päťboj  |2 snkbucl  |9 14517 
650 0 7 |a Jarná cena SVŠT  |2 snkbucl  |9 1009943 
651 7 |a 5100  |2 snkbucl  |9 166206 
655 7 |a články z novín a časopisov  |2 snkbucl  |9 267496 
773 0 |t Šport  |g Roč. 37, č. 79 (5. 4. 1983), s. 5 
850 |a Slovenská národná knižnica v Martine  |a MTA001 
852 |a SNK  |b KIS3GCP 
958 |a RK 
958 |a CZ 
992 |a RBX 
999 |c 1646539  |d 1648469